| 000 | 01743nam0a2200373 4500 | ||
|---|---|---|---|
| 001 | RU\NLR\bibl\1523937 | ||
| 005 | 20250616031702.0 | ||
| 010 | _a978-5-89546-531-8 | ||
| 021 |
_aRU _b2010-36144 _92424 |
||
| 035 | _a(nilc)RSL-KNO-004645297 | ||
| 035 | _a(NLR Aleph) 001515289 | ||
| 090 |
_a106136 _c106136 |
||
| 100 | _a20100519d2010 |||y0rusy50 ca | ||
| 101 | 0 | _arus | |
| 102 | _aRU | ||
| 105 | _ay zzzz||||| | ||
| 200 | 1 |
_aМиграция: управление через негосударственные структуры _fГ. Р. Трунян |
|
| 210 |
_aРостов-на-Дону _cИзд-во СКАГС _d2010 |
||
| 215 |
_a153 с. _cтабл. _d21 |
||
| 320 | _aБиблиогр.: с. 131-148 | ||
| 606 | 1 |
_aНаселение _xМиграция _xУправление _xУчастие негосударственных организаций _92600502 _3RU\NLR\auth\661537060 |
|
| 610 | 0 | _aДемография -- Народонаселение -- Российская Федерация -- Механическое движение населения (миграция населения) | |
| 610 | 0 | _aДемография -- Народонаселение -- Российская Федерация -- Ростовская область -- Механическое движение населения (миграция населения) | |
| 686 |
_aС73(2)6-25,0 _2rubbk |
||
| 686 |
_aС73(2Р-4Р)6-25,0 _2rubbk |
||
| 686 | _aС73(2)74-25 | ||
| 686 | _aС73(0)63-25 | ||
| 700 | 1 |
_aТрунян _bГ. Р. _gГайк Русланович _4070 |
|
| 801 | 0 |
_aRU _bРГБ _c20100519 _grcr |
|
| 801 | 1 |
_aRU _bРГБ _c20100519 |
|
| 801 | 2 |
_aRU _bNLR _c20100616 _grcr |
|
| 942 | _cBOOK | ||
| 980 | _aNB | ||